Manažment rizík ako nástroj na zvyšovanie úspešnosti inovačných aktivít malých a stredných podnikov
Manažment rizík vo svete a na Slovensku. Inovácie a podpora inovácii v MSP. Inovačná výkonnosť v oblasti MSP v SR vo vzťahu k EÚ. Manažment rizika v inovačných projektoch.
Gespeichert in:
| 1. Verfasser: | |
|---|---|
| Weitere Verfasser: | , |
| Format: | Buchkapitel |
| Sprache: | Slowakisch |
| Schlagworte: | |
| Tags: |
Keine Tags, Fügen Sie das erste Tag hinzu!
|
MARC
| LEADER | 00000naa a2200000 4500 | ||
|---|---|---|---|
| 001 | 0250641 | ||
| 005 | 20220718123922.3 | ||
| 041 | 0 | |a slo | |
| 044 | |a SK | ||
| 245 | 1 | 0 | |a Manažment rizík ako nástroj na zvyšovanie úspešnosti inovačných aktivít malých a stredných podnikov |c Katarína Buganová, Mária Hudáková, Ladislav Šimák |
| 520 | |a Manažment rizík vo svete a na Slovensku. Inovácie a podpora inovácii v MSP. Inovačná výkonnosť v oblasti MSP v SR vo vzťahu k EÚ. Manažment rizika v inovačných projektoch. | ||
| 610 | 2 | 0 | |a risk management |
| 610 | 2 | 0 | |a stratégia inovačná |
| 610 | 2 | 0 | |a podnik malý |
| 610 | 2 | 0 | |a Slovensko |
| 610 | 2 | 0 | |a Európska únia |
| 610 | 2 | 0 | |a projekty investičné |
| 610 | 2 | 0 | |a podpora inovácií |
| 100 | 1 | |a Buganová, Katarína | |
| 700 | 1 | |a Hudáková, Mária | |
| 700 | 1 | |a Šimák, Ladislav | |